000 00378pab a2200157 454500
008 180718b2011 xxu||||| |||| 00| 0 eng d
100 _aEtzioni, Amitai
245 _aBehavioural economics: Next steps
260 _c2011
300 _ap.277-287.
362 _aSep
650 _aBehavioural economics
773 _aJournal of Consumer Policy
908 _aN
909 _a93605
999 _c93605
_d93605